Actors Who Portrayed James Bond - Statistics

General Stats
  • This quiz has been taken 1,039 times
  • The average score is 5 of 6
Answer Stats
Years Played No. of Movies Answer % Correct
1962-1967,1971 6 Sean Connery
97%
2006 - present 5 Daniel Craig
95%
1997-2002 4 Pierce Brosnan
90%
1973-1985 7 Roger Moore
86%
1987-1989 2 Timothy Dalton
74%
1969 1 George Lazenby
68%
No matching quizzes found
Score Distribution
Percent of People with Each Score
Percentile by Number Answered
Your Score History
You have not taken this quiz